000 00378nam a2200157Ia 4500
008 230917s9999||||xx |||||||||||||| ||und||
040 _e64471
_aMAIN
041 _aEnglish
082 _a150 D28I
100 _aDavidoff, Linda L
245 0 _aIntroduction to Psychology
250 _a2nd ed.
260 _aAuckland
_bMcGraw-Hill
_c1981
300 _axiii, 657 p.
942 _cBK
999 _c36704
_d36704